| 000 | 01526cam a2200145 4500500 | ||
|---|---|---|---|
| 005 | 20260329023217.0 | ||
| 041 | _afre | ||
| 042 | _adc | ||
| 100 | 1 | 0 |
_aTiano, Camille _eauthor |
| 700 | 1 | 0 |
_aLoïzzo, Clara _eauthor |
| 245 | 0 | 0 | _aLe commentaire de carte topographique : Méthodes et applications |
| 260 |
_bArmand Colin,
_c2022. |
||
| 520 | _aCe manuel propose une méthodologie complète, étape par étape, du commentaire de carte topographique pour réussir les épreuves écrites et orales de différents concours et examens : comment lire les principales informations des cartes, les problématiser, construire un plan de commentaire, maîtriser les termes techniques des différents domaines géographiques, se familiariser avec les documents qui peuvent venir compléter la carte. 6 chapitres thématiques abordent les différents domaines de la géographie à mobiliser dans le commentaire de carte (topographie, hydrographie, paysages et végétation, géographie rurale, géographie urbaine, géographie industrielle, aménagement…), et 2 chapitres méthodologiques proposent des conseils précis pour l’élaboration du plan et la réalisation d’un croquis de synthèse. Une nouvelle édition proposant de nombreux nouveaux exemples et croquis originaux. Un ouvrage en tout en couleurs avec des ressources numériques (rapports du jury, abréviations IGN et glossaire). | ||
| 856 | 4 | 1 | _uhttps://shs.cairn.info/le-commentaire-de-carte-topographique--9782200630980?lang=fr&redirect-ssocas=7080 |
| 999 |
_c1925518 _d1925518 |
||